000 00563nam a22001697a 4500
005 20251108172158.0
008 250721s9999 xx 000 0 ara d
082 1 4 _a740.0956/سمر
100 1 _aشرف الدين، سمر
245 1 0 _aزخارف إسلامية :
_bأركان و وحدات دائرية متكاملة /
264 1 _aالقاهرة :
_bالمركز العربي للنشر و التوزيع،
300 _a35ص
650 1 7 _aالزخرفة الإسلامية
650 1 7 _aالفن الزخرفي
942 _2ddc
_cBK
999 _c72415
_d72415